Statistics for SpiceJet Destinations-Bangalore

Click here to take the quiz!

General Stats

  • This quiz has been taken 5 times
  • The average score is 16 of 25

Answer Stats

Country Airport % Correct
India-Andaman and NicobarPort Blair
80%
India-KarnatakaMangalore
80%
India-West BengalKolkata
80%
India-TelanganaHyderabad
80%
India-Tamil NaduChennai
80%
India-RajasthanJaipur
80%
India-KeralaCochin
80%
India-MaharashtraMumbai
80%
India-DelhiDelhi
80%
India-GoaGoa
80%
India-GujaratAhmedabad
60%
India-Uttar PradeshVaranasi
60%
India-Uttar PradeshKanpur
60%
India-BiharPatna
60%
India-Tamil NaduCoimbatore
60%
India-KarnatakaHubli
60%
India-PuducherryPuducherry
60%
India-MaharashtraPune
60%
India-KeralaThiruvananthapuram
60%
India-KeralaKozhikode
60%
India-Andhra PradeshVijayawada
40%
India-AssamGuwahati
40%
India-West BengalSiliguri
40%
India-MaharashtraShirdi
20%
India-Uttar PradeshGorakhpur
20%

Score Distribution

Percentile by Number Answered

Percent of People with Each Score

Your Score History

You have not taken this quiz